000 00795nam a22001937a 4500
999 _c370999
_d370999
008 201130b ||||| |||| 00| 0 eng d
040 _bger
_cSTAFF
_erda
_aSTAFF
100 _aMahlke, Lisa
245 _aBlumenräuber auf dem Friedhof in Frankfurt unterwegs.
_bLetzte Ruhe: Zwei Gräber betreut Angelika Müller. Bei einem Besuch kurz nach dem Todestag ihres Pflegevaters traut sie ihren Augen nicht./
_cLisa Mahlke
653 _aFrankfurt (Oder)
653 _aHauptfriedhof (Frankfurt (Oder))
653 _aDiebstahl
653 _aHeidekraut
773 _dFrankfurt (Oder): Märkisches Verlags- und Druckhaus GmbH & Co KG
_g32. Jahrgang (2021) Nr. 245 vom 20.10.2021, S. 15
_tMärkische Oderzeitung
942 _cA